000 00377nam a2200145Ia 4500
008 231129s1991||||xx |||||||||||||| ||spa||
020 _a958-9043-77-1
040 _bspa
082 _a801.951 C352m
100 _aMujica Elisa
245 0 _aSor Francisca Josefa de Castillo
260 _c1991
264 _aProcultura
942 _2ddc
_cBKS
999 _c24833
_d24833